Isla de luz /

Shranjeno v:
Bibliografske podrobnosti
Glavni avtor: Pratt, Silvia (autor)
Format: Knjiga
Jezik:španščina
Izdano: México : CONACULTA, 2004, c2004
Serija:(Práctica Mortal)
Teme:
Oznake: Označite
Brez oznak, prvi označite!

MARC

LEADER 00000nam^a2200000^a^4500
001 000174287
005 20250521000000.0
009 20260310101522.803
020 |a 970-35-0515-5 
037 |a Acervo ITESO - Biblioteca 
041 |a ESP 
082 |a 861.  |b PRA 
100 |a Pratt, Silvia  |e (autor) 
245 1 0 |a Isla de luz /  |c S. Pratt. 
264 4 |a México :  |b CONACULTA,  |c 2004, c2004 
300 |a 77 p. 
336 |a texto  |b txt  |2 rdacontenido 
337 |a sin mediación  |b n  |2 rdamedio 
338 |a volumen  |b nc  |2 rdasoporte 
440 1 |a (Práctica Mortal) 
649 |a XX 
650 |a Poesía Mexicana 
650 |a Literatura Mexicana -  |y Siglo XXI 
910 |a Fondo General 
920 |a Impresos - Libros 
930 |a Colección General 
940 |a Literatura 
905 |a 101 
901 |a 0500112019  |b IT1  |c LIT  |u 20250521 
902 |a https://opac.biblio.iteso.mx/vufind/Record/000174287